| 000 | 01638nam a2200325 i 4500 | ||
|---|---|---|---|
| 001 | 768714001 | ||
| 003 | CO-MdFUSB | ||
| 005 | 20231027101140.0 | ||
| 007 | ta | ||
| 008 | 231010t20062008us ||||g |||| 00| 0 spa d | ||
| 020 | _a9780311121175 | ||
| 040 |
_aCO-MdFUSB _bspa _cCO-MdFUSB _dCO-MdFUSBC _erda |
||
| 041 |
_aspa _heng |
||
| 082 |
_223 _a241.1 _bJ42 |
||
| 100 |
_aJaynes, Sharon, _eautor |
||
| 240 | _aYour scars are beautiful to God | ||
| 245 |
_aTus cicatrices son hermosas para Dios _b : cómo encontrar paz y propósito en tus heridas del pasado _c/ Sharon Jaynes ; traducido por Marta Varisco |
||
| 264 |
_aTexas, Estados Unidos : _bMundo Hispano, _c[2006] |
||
| 264 | _c©2007 | ||
| 300 |
_a271 páginas _c; 21 cm |
||
| 336 |
_2rdacontent _atexto _btxt |
||
| 337 |
_2rdamedia _asin mediación _bn |
||
| 338 |
_2rdacarrier _avolumen _bnc |
||
| 505 | _a1. Las cicatrices nos cuentan una historia -- 2. Reconociendo a Jesús a través de nuestras cicatrices -- 3. Reflexiones acerca del propósito de nuestras cicatrices -- 4. Redimiendo nuestro dolor al invertir en los demás -- 5. Reemplazando las heridas con cicatrices -- 6. Restaurando un corazón herido -- 7. Recibiendo la gracia y el perdón -- 8. Renunciando a la nube de la vergüenza -- 9. Quitándonos la máscara y siendo sinceras -- 10. Resistiendo el miedo al rechazo -- 11. Rechazando la mentira de estar deshabilitadas -- 12. Revelando la verdad -- 13. Liberando el poder que tienen nuestras cicatrices. | ||
| 563 | _aRústico | ||
| 650 | 0 |
_919 _aVida cristiana |
|
| 700 |
_98653 _aVarisco, Marta, _etraductor |
||
| 942 | _cBK | ||
| 945 | _asor1564 | ||
| 999 |
_c69142 _d69142 |
||